[Event "VIE-ch (Women)"]
[Site "Ha Tien"]
[Date "2023.09.15"]
[Round "6"]
[White "Thai, Ngoc Tuong Minh"]
[Black "Duong, Ngoc Nga"]
[Result "1-0"]
[WhiteElo "1736"]
[BlackElo "1215"]
[PlyCount "65"]
[EventDate "2023.09.13"]
[EventType "swiss"]
[EventRounds "9"]
[EventCountry "VIE"]
[SourceTitle "EXT 2024"]
[Source "ChessBase"]
[SourceDate "2023.10.10"]
[SourceVersion "1"]
[SourceVersionDate "2023.10.10"]
[SourceQuality "1"]

1. Nf3 Nf6 2. g3 b6 3. Bg2 Bb7 4. 0-0 e6 5. d4 Be7 6. c4 0-0 7. Nc3 Ne4 8. d5 Nxc3 9. bxc3 Bf6 10. Qb3 Na6 11. Ba3 Re8 12. Rfe1 d6 13. Nd2 g6 14. dxe6 Bxg2 15. exf7+ Kxf7 16. Kxg2 Kg7 17. Nf3 Re4 18. Rad1 Qg8 19. Nd4 Qf7 20. Qb5 Nc5 21. Qc6 Rae8 22. e3 R4e7 23. Bxc5 dxc5 24. Ne2 Qxc4 25. Nf4 Bxc3 26. Rc1 Rd8 27. Qf3 Qb4 28. Red1 Rxd1 29. Rxd1 Qb2 30. Ne6+ Rxe6 31. Rd7+ Kh6 32. Qf4+ g5 33. Qf5 1-0

[Event "Hanoi op (Women)"]
[Site "Hanoi"]
[Date "2022.08.26"]
[Round "7"]
[White "Thai, Ngoc Tuong Minh"]
[Black "Nguyen, Thi Minh Oanh"]
[Result "1/2-1/2"]
[WhiteElo "1648"]
[BlackElo "1859"]
[PlyCount "25"]
[EventDate "2022.08.20"]
[EventType "swiss"]
[EventRounds "9"]
[EventCountry "VIE"]
[SourceTitle "CBM 209 Extra"]
[Source "ChessBase"]
[SourceDate "2022.09.30"]
[SourceVersion "1"]
[SourceVersionDate "2022.09.30"]
[SourceQuality "1"]

1. Nf3 b6 2. g3 Bb7 3. Bg2 Nf6 4. d4 e6 5. 0-0 Be7 6. c4 0-0 7. Nc3 d5 8. b3 c5 9. dxc5 Bxc5 10. Bg5 dxc4 11. Qxd8 Rxd8 12. bxc4 Nbd7 13. Rfd1 1/2-1/2

[Event "VIE-ch U15 Girls"]
[Site "Ho Chi Minh City"]
[Date "2022.07.12"]
[Round "3"]
[White "Le, Minh Thu"]
[Black "Thai, Ngoc Tuong Minh"]
[Result "0-1"]
[WhiteElo "2103"]
[BlackElo "2094"]
[PlyCount "84"]
[EventDate "2022.07.11"]
[EventType "swiss"]
[EventRounds "9"]
[EventCountry "VIE"]
[SourceTitle "EXT 2023"]
[Source "ChessBase"]
[SourceDate "2022.10.05"]
[SourceVersion "1"]
[SourceVersionDate "2022.10.05"]
[SourceQuality "1"]

1. e4 c5 2. c4 e6 3. Nc3 Ne7 4. g3 d5 5. cxd5 exd5 6. exd5 Nxd5 7. Nxd5 Qxd5 8. Nf3 Nc6 9. Bg2 Qe4+ 10. Qe2 Qxe2+ 11. Kxe2 Bg4 12. Re1 0-0-0 13. Kf1 Nb4 14. Ng5 Nc2 15. Nxf7 Nxe1 16. Nxd8 Nc2 17. Nf7 Rg8 18. Bd5 Nxa1 19. d4 Be7 20. Nd6+ Bxd6 21. Bxg8 Bf5 22. dxc5 Bxc5 23. Bf4 Nc2 24. h4 Bd3+ 25. Kg2 Ne1+ 26. Kg1 Bf5 27. Be3 Bxe3 28. fxe3 Nd3 29. b3 Kc7 30. a3 Kd6 31. Kf1 Nc5 32. Kf2 h6 33. b4 Ne6 34. Kf3 Ke7 35. e4 Bg6 36. g4 Bf7 37. Bxf7 Kxf7 38. e5 Nd4+ 39. Ke4 Nc2 40. Kd5 Ke7 41. e6 Nxa3 42. Ke5 Nb5 0-1

[Event "VIE-ch (Women)"]
[Site "Tinh Bac Giang"]
[Date "2022.02.28"]
[Round "6"]
[White "Thai, Ngoc Tuong Minh"]
[Black "Le, La Tra My"]
[Result "1-0"]
[WhiteElo "1547"]
[BlackElo "1829"]
[PlyCount "107"]
[EventDate "2022.02.28"]
[EventType "swiss"]
[EventRounds "9"]
[EventCountry "VIE"]
[SourceTitle "CBM 207 Extra"]
[Source "ChessBase"]
[SourceDate "2022.05.31"]
[SourceVersion "1"]
[SourceVersionDate "2022.05.31"]
[SourceQuality "1"]

1. Nf3 Nf6 2. g3 g6 3. Bg2 Bg7 4. 0-0 0-0 5. d4 d5 6. c4 c6 7. Nc3 dxc4 8. Ne5 Be6 9. e3 Nbd7 10. f4 Nd5 11. e4 Nxc3 12. bxc3 f6 13. Nf3 Qa5 14. Qc2 Rad8 15. Be3 Nb6 16. h3 f5 17. Ng5 Bc8 18. exf5 Bxf5 19. Be4 h6 20. g4 Bxe4 21. Nxe4 Nd5 22. Bd2 Qc7 23. Nc5 Rf6 24. Rae1 Qc8 25. f5 b6 26. Ne4 Rff8 27. fxg6 Rxf1+ 28. Rxf1 Qe6 29. Ng3 Rd6 30. Nf5 Qxg6 31. Qa4 b5 32. Qxa7 Re6 33. Qb8+ Kh7 34. Rf2 Nf6 35. Qc8 Re4 36. Qxc6 h5 37. Nh4 Qe8 38. Qxe8 Nxe8 39. Rg2 hxg4 40. hxg4 Nf6 41. Nf5 Rxg4 42. Nxe7 Rxg2+ 43. Kxg2 Bf8 44. Nc6 Nd5 45. Kf3 Bd6 46. Ke4 Nc7 47. Be3 Kg6 48. d5 Kf6 49. Bd4+ Kf7 50. Be5 Bxe5 51. Kxe5 Ke8 52. Kd6 Na6 53. a3 Kf7 54. Nd4 1-0

[Event "Eastern Asia-ch U14 Girls"]
[Site "Tornelo INT"]
[Date "2021.10.24"]
[Round "9"]
[White "Thai, Ngoc Tuong Minh"]
[Black "Kanishka, S1111"]
[Result "1-0"]
[WhiteElo "1382"]
[BlackElo "1062"]
[PlyCount "113"]
[EventDate "2021.10.22"]
[EventType "swiss"]
[EventRounds "9"]
[EventCountry "NET"]
[SourceTitle "EXT 2023"]
[Source "ChessBase"]
[SourceDate "2022.10.05"]
[SourceVersion "1"]
[SourceVersionDate "2022.10.05"]
[SourceQuality "1"]

1. Nf3 Nf6 2. g3 g6 3. Bg2 Bg7 4. 0-0 0-0 5. d3 d5 6. Bg5 c6 7. Nc3 h6 8. Bxf6 Bxf6 9. e4 dxe4 10. dxe4 Qa5 11. Qd3 Rd8 12. Qe3 Kh7 13. e5 Bg7 14. Rfe1 Be6 15. Nd4 Bd7 16. Rad1 Na6 17. f4 Bg4 18. Rd2 Qb6 19. h3 Be6 20. b3 Rd7 21. Na4 Qa5 22. Rde2 Bd5 23. g4 Bxg2 24. Kxg2 Rad8 25. Nf3 Nb4 26. c4 Nd3 27. Rf1 e6 28. Kg3 Bf8 29. f5 b5 30. Nb2 gxf5 31. gxf5 exf5 32. Nxd3 Rxd3 33. Qf4 Qc7 34. Qxf5+ Kh8 35. Kh2 Bg7 36. Kh1 Qd7 37. Qh5 Kg8 38. Rg2 Rd1 39. Ne1 Qe6 40. Rfg1 Rxe1 41. Rxe1 Rd3 42. Kh2 bxc4 43. Reg1 Kf8 44. Rxg7 Rd2+ 45. R1g2 Rxg2+ 46. Rxg2 cxb3 47. axb3 a5 48. Rf2 Ke7 49. Qh4+ Ke8 50. Qe4 Ke7 51. Qe3 Qd5 52. Rf6 c5 53. Rxh6 a4 54. Qg5+ Ke8 55. Rh8+ Kd7 56. Rd8+ Ke6 57. Qf6# 1-0

[Event "Eastern Asia-ch U14 Girls"]
[Site "Tornelo INT"]
[Date "2021.10.23"]
[Round "4"]
[White "Charvi, Patidar"]
[Black "Thai, Ngoc Tuong Minh"]
[Result "0-1"]
[WhiteElo "1217"]
[BlackElo "1382"]
[PlyCount "148"]
[EventDate "2021.10.22"]
[EventType "swiss"]
[EventRounds "9"]
[EventCountry "NET"]
[SourceTitle "EXT 2023"]
[Source "ChessBase"]
[SourceDate "2022.10.05"]
[SourceVersion "1"]
[SourceVersionDate "2022.10.05"]
[SourceQuality "1"]

1. d4 Nf6 2. c4 g6 3. Nc3 Bg7 4. e4 d6 5. f3 0-0 6. Be3 e5 7. d5 a5 8. Qd2 Nbd7 9. Nh3 Ne8 10. Bg5 f6 11. Bh6 Qe7 12. Bxg7 Nxg7 13. Nf2 f5 14. exf5 Nxf5 15. Nb5 Nc5 16. 0-0-0 b6 17. Ne4 Ba6 18. Nec3 a4 19. Bd3 Qg7 20. Bxf5 gxf5 21. g4 fxg4 22. fxg4 Rf4 23. Qe2 Bxb5 24. Nxb5 Rxg4 25. Rd2 Ne4 26. Rc2 Nf6 27. Rf1 Qg5+ 28. Kb1 Ne8 29. Qf2 Qg7 30. h3 Rf4 31. Qe2 Rxf1+ 32. Qxf1 Kh8 33. Rg2 Qe7 34. Rf2 Kg8 35. Qg1+ Ng7 36. Qg4 Rf8 37. Rxf8+ Kxf8 38. Qc8+ Ne8 39. Qf5+ Qf7 40. Qxf7+ Kxf7 41. Nc3 a3 42. bxa3 Kf6 43. Kc2 Kf5 44. Kd3 Kf4 45. Ne2+ Kf3 46. a4 Nf6 47. Nc3 e4+ 48. Kd2 e3+ 49. Ke1 Ne4 50. Nb5 Nc5 51. Nd4+ Ke4 52. Ne6 Nd3+ 53. Kd1 Kf3 54. Nd4+ Ke4 55. Ne6 Nb2+ 56. Ke2 Nxc4 57. Nxc7 h5 58. h4 Kd4 59. Ne6+ Kxd5 60. Nf4+ Ke4 61. Nxh5 d5 62. Nf6+ Ke5 63. Nd7+ Kf5 64. h5 d4 65. h6 Kg6 66. h7 Kxh7 67. Nf6+ Kg6 68. Nd5 Kf5 69. Kd3 Ke5 70. Nb4 Nb2+ 71. Ke2 Nxa4 72. Nd3+ Ke4 73. Nb4 Nc3+ 74. Ke1 d3 0-1

[Event "Wch U12 Girls blitz"]
[Site "Minsk"]
[Date "2018.06.24"]
[Round "5"]
[White "Thai, Ngoc Tuong Minh"]
[Black "Starosta, Martyna"]
[Result "0-1"]
[WhiteElo "1432"]
[BlackElo "1517"]
[PlyCount "52"]
[EventDate "2018.06.24"]
[EventType "swiss (blitz)"]
[EventRounds "9"]
[EventCountry "BLR"]
[SourceTitle "EXT 2019"]
[Source "ChessBase"]
[SourceDate "2018.10.10"]
[SourceVersion "1"]
[SourceVersionDate "2018.10.10"]
[SourceQuality "1"]

1. e4 e5 2. Nf3 Nc6 3. Bc4 Nf6 4. Ng5 d5 5. exd5 Na5 6. Bb5+ c6 7. dxc6 bxc6 8. Ba4 h6 9. Nf3 e4 10. Ne5 Qd4 11. Bxc6+ Nxc6 12. Nxc6 Qc5 13. Nxa7 Qxa7 14. Nc3 Bc5 15. 0-0 0-0 16. d3 exd3 17. cxd3 Ba6 18. Qf3 Nh7 19. Qg3 Kh8 20. Ne4 Bd4 21. Qh4 Bxd3 22. Bxh6 gxh6 23. Rad1 Bxf1 24. Qxh6 Bg7 25. Qh5 Qa5 26. Rd5 Qe1 0-1

[Event "VIE-ch (Women)"]
[Site "Ho Chi Minh City"]
[Date "2018.04.29"]
[Round "4"]
[White "Thai, Ngoc Tuong Minh"]
[Black "Nguyen, Truong Bao Tran"]
[Result "1-0"]
[WhiteElo "1311"]
[BlackElo "1873"]
[PlyCount "101"]
[EventDate "2018.04.27"]
[EventType "swiss"]
[EventRounds "9"]
[EventCountry "VIE"]
[SourceTitle "CBM 184 Extra"]
[Source "ChessBase"]
[SourceDate "2018.06.28"]
[SourceVersion "1"]
[SourceVersionDate "2018.06.28"]
[SourceQuality "1"]

1. e4 g6 2. d4 Bg7 3. Nf3 d6 4. Be3 Nf6 5. Nbd2 e6 6. Bd3 Nbd7 7. 0-0 0-0 8. Ne1 b6 9. f4 Bb7 10. g4 h5 11. h3 hxg4 12. hxg4 c5 13. dxc5 Nxc5 14. Bxc5 dxc5 15. g5 Qd4+ 16. Kh2 Nxe4 17. c3 Qe3 18. Bxe4 Rad8 19. Bd3 Be5 20. fxe5 Qxe5+ 21. Kh3 Kg7 22. Ndf3 Qf4 23. Nh4 Qxg5 24. Qg4 Qe3+ 25. Qg3 Qh6 26. Rg1 Rh8 27. Qe5+ Kh7 28. Bxg6+ fxg6 29. Rxg6 Qxh4+ 30. Kxh4 Kxg6+ 31. Kg4 Bd5 32. Nf3 Rdg8 33. Ng5 Rh5 34. Qf4 Rxg5+ 35. Qxg5+ Kh7 36. Qxg8+ Kxg8 37. Kf4 Kf7 38. Ke5 a6 39. a4 Ke7 40. b4 a5 41. bxa5 bxa5 42. Rb1 Bc6 43. Rb6 Kd7 44. Rxc6 Kxc6 45. Kxe6 c4 46. Ke5 Kc5 47. Ke4 Kc6 48. Kd4 Kd6 49. Kxc4 Kc6 50. Kd4 Kd6 51. c4 1-0

[Event "Wch U10 Girls"]
[Site "Pocos de Caldas"]
[Date "2017.08.27"]
[Round "6"]
[White "Zhou, Lepu Coco"]
[Black "Thai, Ngoc Tuong Minh"]
[Result "1-0"]
[WhiteElo "1585"]
[BlackElo "1275"]
[PlyCount "121"]
[EventDate "2017.08.22"]
[EventType "swiss"]
[EventRounds "11"]
[EventCountry "BRA"]
[SourceTitle "CBM 180 Extra"]
[Source "ChessBase"]
[SourceDate "2017.10.06"]
[SourceVersion "1"]
[SourceVersionDate "2017.10.06"]
[SourceQuality "1"]

1. e4 c5 2. Nf3 d6 3. d4 cxd4 4. Qxd4 Nc6 5. Bb5 Bd7 6. Bxc6 Bxc6 7. Nc3 Nf6 8. Bg5 e5 9. Qd3 h6 10. Bxf6 Qxf6 11. 0-0-0 0-0-0 12. Nd5 Qg6 13. Nxe5 Qxg2 14. Nxf7 Bxd5 15. Qxd5 Be7 16. Qe6+ Kb8 17. Nxd8 Qg5+ 18. Kb1 Rxd8 19. Rhg1 Qf6 20. Qxf6 Bxf6 21. c3 Be5 22. h3 Rf8 23. Rdf1 Rf3 24. Rh1 g5 25. Kc2 h5 26. Kd2 g4 27. hxg4 hxg4 28. Rhg1 Rf4 29. f3 gxf3 30. Ke3 Kc7 31. Rxf3 Rxf3+ 32. Kxf3 a6 33. Rg6 b5 34. Ke3 Kc6 35. Kd3 Kc5 36. b4+ Kc6 37. c4 bxc4+ 38. Kxc4 Bf4 39. a4 Bh2 40. b5+ axb5+ 41. axb5+ Kc7 42. Kd5 Bf4 43. b6+ Kxb6 44. Rxd6+ Kc7 45. Rc6+ Kd7 46. Rf6 Bg5 47. Rf7+ Ke8 48. Rb7 Kf8 49. e5 Bh4 50. e6 Bg5 51. Rf7+ Ke8 52. Kd6 Bh4 53. Rg7 Kf8 54. e7+ Bxe7+ 55. Rxe7 Kg8 56. Ke6 Kh8 57. Rf7 Kg8 58. Kf6 Kh8 59. Kg5 Kg8 60. Kg6 Kh8 61. Rf8# 1-0

[Event "Wch U10 Girls"]
[Site "Pocos de Caldas"]
[Date "2017.08.22"]
[Round "1"]
[White "Thai, Ngoc Tuong Minh"]
[Black "Wang, Ellen"]
[Result "0-1"]
[WhiteElo "1275"]
[BlackElo "1624"]
[PlyCount "76"]
[EventDate "2017.08.22"]
[EventType "swiss"]
[EventRounds "11"]
[EventCountry "BRA"]
[SourceTitle "CBM 180 Extra"]
[Source "ChessBase"]
[SourceDate "2017.10.06"]
[SourceVersion "1"]
[SourceVersionDate "2017.10.06"]
[SourceQuality "1"]

1. d4 Nf6 2. Nf3 e6 3. Bg5 d5 4. e3 Be7 5. c4 c6 6. Nc3 0-0 7. Bd3 Nbd7 8. 0-0 h6 9. Bh4 b6 10. Rc1 Bb7 11. Bxf6 Nxf6 12. Ne5 c5 13. cxd5 exd5 14. dxc5 bxc5 15. Nf3 a6 16. Bb1 Qd6 17. Qd3 Rfd8 18. Rfd1 Qe6 19. Ne2 Qb6 20. b3 Rac8 21. Qf5 g6 22. Qf4 Kg7 23. Qe5 Bd6 24. Qa1 Bb8 25. Ne5 Qe6 26. Nd3 c4 27. Ndf4 Qe7 28. Qd4 Be5 29. Qd2 g5 30. Ng3 Qf8 31. Nf5+ Kh8 32. Ne2 Ne4 33. Bxe4 dxe4 34. Qa5 Bb2 35. bxc4 Bxc1 36. Rxc1 Kh7 37. Qc3 Bd5 38. Qb3 Bxc4 0-1